000
00321nam a2200121Ia 4500
008
220216s9999 xx 000 0 und d
100
_a
Shah S A
245
0
_a
Reinvesting tropical forest management in India
260
_b
Indian Forester
_c
1994
300
_a
471-476
650
_a
Tropical forest management
942
_c
JS
999
_c
66659
_d
66659